000 00232nam a2200097Ia 4500
008 240331s9999 xx 000 0 und d
082 _bBAI
100 _aBaierlein,E.R
245 4 _aThe land of theTamilians and its missions
942 _cL
999 _c2002
_d2002